000 00682nam a2200193Ii 4500
003 JO-AjNU
008 230605s9999||||xx |||||||||||||| ||und||
040 _aJO-AjNU
_bara
_erda
_cJO-AjNU
041 _aara
050 1 4 _aBP80.A27.A67
100 3 _aالعقاد،عباس محمود,
_eauthor
_941173
245 0 0 _aعبقرية الصديق
264 3 1 _aبيروت:منشورات المكتبة العصرية ،د.ت
300 _a156ص
336 _atext
_btxt
_2rdacontent
337 _aunmediated
_bn
_2rdamedia
338 _avolume
_bnc
_2rdacarrier
650 4 _aالصحابة والتابعون-تراجم-الخلفاء الراشدون-ابو بكر الصديق
_941174
999 _aA17533
_c21101
_d21101